<?xml version="1.0" encoding="UTF-8"?>
<collection xmlns:xsi="http://www.w3.org/2001/XMLSchema-instance" xsi:schemaLocation="http://www.loc.gov/MARC21/slim http://www.loc.gov/standards/marcxml/schema/MARC21slim.xsd" xmlns="http://www.loc.gov/MARC21/slim">
 <record>
  <leader>00000cab a22000003a 4500</leader>
  <controlfield tag="001">UP-99796217611831342</controlfield>
  <controlfield tag="003">Buklod</controlfield>
  <controlfield tag="005">20231008001549.0</controlfield>
  <controlfield tag="006">m    |o  d |      </controlfield>
  <controlfield tag="007">ta</controlfield>
  <controlfield tag="008">151026s        xx     d | ||r |||||   ||</controlfield>
  <datafield tag="040" ind1=" " ind2=" ">
   <subfield code="a">DENGII</subfield>
  </datafield>
  <datafield tag="041" ind1=" " ind2=" ">
   <subfield code="a">eng</subfield>
  </datafield>
  <datafield tag="100" ind1="1" ind2=" ">
   <subfield code="a">Libby, Rochie Ligaya S.</subfield>
  </datafield>
  <datafield tag="245" ind1="1" ind2="2">
   <subfield code="a">Characterization and comparison of SiC Schottky and ultra-fast diodes in a hard-switching buck converter</subfield>
   <subfield code="c">Rochie Ligaya S. Libby, Luis G. Sison, Moises dela Cruz.</subfield>
  </datafield>
  <datafield tag="300" ind1=" " ind2=" ">
   <subfield code="a">December 2006</subfield>
   <subfield code="b">p. 27-44</subfield>
  </datafield>
  <datafield tag="520" ind1="3" ind2=" ">
   <subfield code="a">This research investigates the impact of the superior switching behavior of the SiC Schottky diode on the efficiency of a hard-switching buck converter. The outstanding characteristics of the SiC Schottky diode include high reverse voltage capability, absence of reverse recovery at turn-off, and a switching behavior independent to temperature, which find significant use in power electronics applications demanding fast switching frequencies and high converter efficiency. For benchmarking, we compare the performances of the SiC Schottky diode to a leading ultra-fast diode of comparable rating in a hard-switching buck converter with the load current, input voltage, switching frequency and diode turn-off dI/dt as the variable parameters. The important measurements include the diode and the FET switching and conduction losses as well as the buck converter efficiency trends with increasing load current, input voltage, switching frequency and diode turn-off dI/dt.</subfield>
  </datafield>
  <datafield tag="650" ind1=" " ind2="0">
   <subfield code="a">SiC Schottky diode.</subfield>
  </datafield>
  <datafield tag="650" ind1=" " ind2="0">
   <subfield code="a">Ultra-fast diodes.</subfield>
  </datafield>
  <datafield tag="700" ind1="1" ind2=" ">
   <subfield code="a">Sison, Luis G.</subfield>
  </datafield>
  <datafield tag="700" ind1="1" ind2=" ">
   <subfield code="a">Dela Cruz, Moises.</subfield>
  </datafield>
  <datafield tag="773" ind1="0" ind2=" ">
   <subfield code="t">Philippine Engineering Journal</subfield>
   <subfield code="g">27, 2(2 copies) (2006(D)).</subfield>
  </datafield>
  <datafield tag="856" ind1="4" ind2="1">
   <subfield code="z">Also available online for University of the Philippines Diliman. Click here</subfield>
   <subfield code="u">https://journals.upd.edu.ph/index.php/pej/article/view/1523</subfield>
  </datafield>
  <datafield tag="856" ind1=" " ind2=" ">
   <subfield code="a">(viewed 14 January 2022)</subfield>
  </datafield>
  <datafield tag="905" ind1=" " ind2=" ">
   <subfield code="a">FI</subfield>
  </datafield>
  <datafield tag="852" ind1=" " ind2=" ">
   <subfield code="a">UPD</subfield>
   <subfield code="b">DENG-II</subfield>
  </datafield>
  <datafield tag="942" ind1=" " ind2=" ">
   <subfield code="a">Article</subfield>
  </datafield>
 </record>
</collection>
